000 00959cam a2200361 4500500
005 20260405002944.0
041 _afre
042 _adc
100 1 0 _aSorente, Isabelle
_eauthor
245 0 0 _aBienvenue dans la société de contrôle
260 _c2019.
500 _a64
690 _aAlain Damasio Antoinette Rouvroy
690 _aBentham
690 _aBig data
690 _aCapitalisme
690 _aData
690 _aDeleuze
690 _aDiderot
690 _aGafam
690 _aInformatique
690 _aInternet
690 _aLeibniz
690 _aNumérique
690 _aOrwell
690 _aRésistance
690 _aShoshana Zuboff
690 _aSurveillance
690 _aTechnologie
690 _aThoreau
786 0 _nPhilosophie magazine | 133 | 10 | 2019-10-01 | p. 19-19 | 1951-1787
856 4 1 _uhttps://shs.cairn.info/magazine-philosophie-magazine-2019-10-page-19?lang=fr&redirect-ssocas=7080
999 _c2062914
_d2062914